000 00231nam a2200121Ia 4500
100 _a#N/A
942 _cBK
654 _ajava
245 _aObject Oriented programming in Java
260 _b#N/A
546 _aENGLISH
999 _c34256
_d34256